Estimaciones cuantitativas en análisis armónico /

Guardado en:
Otros Autores: Recchi, Diana Jorgelina. (Disertante), Pérez, Carlos (Orientador), Ombrosi, Sheldy. (Orientador)
Formato: Manuscrito
Idioma:Spanish
Publicado: 2013.
Materias:
Acceso en línea:Texto completo
Etiquetas: Agregar Etiqueta
Sin Etiquetas, Sea el primero en etiquetar este registro!
LEADER 01259ntm a22003015a 4500
001 MAT.inmabb007043
008 140530s2013####ag#######bm###000#0#spa#d
005 20170901111650.0
245 1 0 |a Estimaciones cuantitativas en análisis armónico /  |c Diana Jorgelina Recchi. 
260 |c 2013. 
300 |a 109 p. ;  |c 30 cm. 
500 |a "Tesis de Doctora en Matemática". 
500 |a Directores de tesis: Carlos Pérez Moreno y Sheldy Ombrosi. 
502 |a Tesis (doctoral)--Universidad Nacional del Sur. Departamento de Matemática, 2014. 
530 |a Disponible también en formato digital 
504 |a Incluye referencias bibliográficas. 
100 1 |a Recchi, Diana Jorgelina.  |4 dis 
700 1 |a Pérez, Carlos  |q (Pérez Moreno)  |4 ths 
700 1 |a Ombrosi, Sheldy.  |4 ths 
710 2 |a Universidad Nacional del Sur.  |b Departamento de Matemática  |4 dgg. 
082 0 4 |a 040  |2 15 
082 0 4 |a 517.2  |2 15 
650 7 |a Matemáticas.  |2 unbist 
650 7 |a Análisis matemático.  |2 unbist 
650 7 |a Análisis armónico.  |2 abne 
856 4 1 |3 Texto completo  |u http://repositoriodigital.uns.edu.ar/handle/123456789/3722 
859 |a AR-BaUNS  |b BIB. MATEMATICA  |h 040  |i B148 2014-1287  |k R  |p 124451/014 
859 |a AR-BaUNS  |b BIB. MATEMATICA  |h 040  |i B148 2014-1287  |p 124452/014